Saltar al contenido
Inicio
Centros participantes
Catálogo
Servicios
Contacto
כניסה לחשבון
English
Deutsch
Español
Français
Italiano
日本語
Nederlands
Português
Português (Brasil)
中文(简体)
中文(繁體)
Türkçe
עברית
Gaeilge
Cymraeg
Ελληνικά
Català
Euskara
Русский
Čeština
Suomi
Svenska
polski
Dansk
slovenščina
اللغة العربية
বাংলা
Galego
Tiếng Việt
Hrvatski
हिंदी
Հայերէն
Українська
Sámegiella
שפה
כל השדות
כותר
מחבר
נושא
סימן המיקום
ISBN/ISSN
תג
מצא
מתקדם
Ensayos sobre estabilidad y de...
יצירת מראה מקום
שלח את זה
הדפסה
יצוא רשומה
יצוא אל RefWorks
יצוא אל EndNoteWeb
יצוא אל EndNote
הוספה למועדפים
Enlace Permanente
Agregar primera valuación
Ensayos sobre estabilidad y desarrollo económicos
שמור ב:
מידע ביבליוגרפי
מחבר ראשי:
Kaldor, Nicholas
פורמט:
Texto
יצא לאור:
Madrid:
Tecnos
תגים:
הוספת תג
אין תגיות, היה/י הראשונ/ה לתייג את הרשומה!
מלאי ספרים
תיאור
הערות
פריטים דומים
תצוגת צוות
MARC
LEADER
00000 a a2200000 04500
001
22223
003
040
090
|a
150800
100
|a
Kaldor, Nicholas
245
|a
Ensayos sobre estabilidad y desarrollo económicos
260
|a
Madrid:
|b
Tecnos
300
|a
284 p.
999
|c
11598
|d
11598
פריטים דומים
Los Países de menor desarrollo económico relativo y la integración en América Latina /
El Desarrollo económico de la Europa continental (1500-1750). Historia económica mundial /
מאת: Kellenbenz, Hermann
La impagable deuda externa de América Latina y del Tercer Mundo, como puede y debe ser cancelada y la urgente necesidad del nuevo orden económico internacional
מאת: Castro Ruz, Fidel
EEUU 1945 - 1985: Economía política y militarización de la economía /
מאת: Cabrera, M. A
Más allá de la clase dirigente
מאת: Keller, Suzanne